000 00569nam a2200193 i 4500
001 103775
003 ES-MaACL
005 20250808021751.0
007 t|
008 051118s1967 sp ||||1| spa d
100 1 _aMesa Delgado, José María.
_980638
245 1 0 _aMuéstranos al Padre /
_cJosé Mª Mesa Delgado, C. M. F.
260 _aMadrid :
_bCoculsa,
_c1967.
300 _a181 p. ;
_c22 cm.
490 1 _aVida en Cristo ;
_v18
830 0 3 _aLa vida en Cristo
_v18
_9230926
852 _aES-MaACL
_jC-32392
_bR.63034
999 _c103775
_d103775